000 00782nam a22002297a 4500
005 20100812104124.0
010 _aENG-99687
020 _a9788125931294
_c550.00
035 _aEN-83219
037 _bDBAD/PUB
082 _a657
100 _aMaheshwari, S. N.
_911455
245 _aCorporate accounting /
_cby S. N. Maheshwari [and] S. K. Maheshwari
250 _a5th rev. ed
260 _aNew Delhi
_bVikas Publishing House
_c2009
270 _a576, Masjid Road, Jangpura
_bNew Delhi
_e110014
300 _avarious pagings
_c24cm (pbk)
650 _aCorporate accounting
_911456
700 _aMaheshwari, S. K.
_911457
942 _2ddc
_cEN
_h657
_mMAH
999 _c41216
_d41216